Регионална библиотека "Любен Каравелов" - Русе

Наръчник за оцеляване на младата майка (Запис номер 118368)

MARC детайли
000 -Лидер
Контролно поле с фиксирана дължина 01968nam a2200433 c 4500
003 - Код на организацията, давaща контролен номер
Контролно поле BLK
005 - Дата и час на последна редакция
Контролно поле 20230323030310.0
008 - Елементи от данни с фиксирана дължина
fixed length control field 180409b bul|||||r ||||||| ||bul||
010 ## - Наследен системен номер
LC control number KNG00123970000
020 ## - Международен стандартен номер на книга ISBN
Международен стандартен номер на книга ISBN 978-954-474-516-5
-- издат.: Кибеа
040 ## - Източник на каталожния запис
Идентификатор на билиотеката - собственик на записа BLK
041 ## - Код за език
Код за езика на текст/звукозапис или на отделно заглавие Български
Код за езика КДБФ Български
072 #7 - Код за тематичната категория
Код организация bullib
Код за тематична категория Н61
Текст Медицина Н
080 ## - УДК
Текстов определител УДК Хигиена. Лично здраве. Вж и 614 ; 616-083
УДК код - определител по УДК 613
УДК определител -055.26(02.062)
УДК - код + определител 613-055.26(02.062)
080 ## - УДК
Текстов определител УДК Сексуална етика. Етика на половите отношения. Вж и 173 ; 343.3/.7 ; 392
УДК код - определител по УДК 176
УДК определител (02.062)
УДК - код + определител 176(02.062)
100 1# - Редна дума - Автор
Автор Уайдър, Дженифър
Авторска отговорност първи автор
R(LIN) 132064
139 ## - Редно поле
Редна дума Уайдър, Дженифър
Авторски знак Уаи - У 13
245 10 - Сведения за заглавието
Заглавие Наръчник за оцеляване на младата майка
Подзаглавни данни Как да се погрижите за тялото, здравето, психичното равновесие и сексуалния си живот, след като родите
Редно поле (дума) Дженифър Уайдър; прев. от англ. Ирина Борисова Манушева.
257 ## - Страна на издаване
Страна на създаване/издаване Съединени американски щати
260 ## - Област на издателските данни
-- София
Име на издателя, разпространителя и проч. Кибеа
Година на издаване 2009
Печатница София : Монт
300 ## - Физическа характеристика
Страници 216 с.
Размери/Мащаб 20 см
380 ## - Жанр
Жанр Медицина
490 1# - СЕРИИ (Колекции)
Име на серия Серия Здраве
500 ## - Общи забележки
Забележка Ориг. загл. The new mom's survival guide / Jennifer Wider. - Библиогр. с. 210-215.
650 #4 - Допълнително описание по предмет – тема
Основно описание – тема или топоним Майки
9 (RLIN) 160945
650 #4 - Допълнително описание по предмет – тема
Основно описание – тема или топоним Жени - хигиена
9 (RLIN) 242990
650 #4 - Допълнително описание по предмет – тема
Основно описание – тема или топоним Полов живот - жени
9 (RLIN) 266990
653 ## - Ключова дума – ненормативна
Ключова дума майчинство
653 ## - Ключова дума – ненормативна
Ключова дума полов живот
653 ## - Ключова дума – ненормативна
Ключова дума хигиена
653 ## - Ключова дума – ненормативна
Ключова дума женска психология
659 ## - Тематичен бюлетин
Тематичен бюлетин Н
700 1# - Други автори (авторска отговорност)
Лично име Манушева, Ирина Борисова
9 (RLIN) 368041
852 ## - Местоположение
Форматна сигнатура Цб 252185
856 4# - Електронен адрес и достъп
Електронен формат pdf - файл
Път до файла /url/
856 4# - Електронен адрес и достъп
Електронен формат pdf - файл
Път до файла /url/
942 ## - АРТИКУЛИ
Вид на библиотечния материал Книги
Скрит в OPAC Не
944 ## - СЪЗДАВАНЕ И РЕДАКЦИЯ на ЗАПИСА
Създаване/Редакция Създаване
Дата на регистрацията/редакция 27.06.2011
Служител, извършил регистрацията/редакцията Геновева_Генчева
944 ## - СЪЗДАВАНЕ И РЕДАКЦИЯ на ЗАПИСА
Създаване/Редакция Редакция
Дата на регистрацията/редакция 01.11.2011
Служител, извършил регистрацията/редакцията
999 ## - СИСТЕМНИ КОНТРОЛНИ НОМЕРА
Koha biblionumber 118368
Koha biblioitemnumber 118368
Наличности
Код за отписване Код за изгубен артикул Код за повреда Коз за рестрикции Код за отдаване Артикулен № Име на библиотеката - собственик Име на библиотеката, в която се намира в момента Статус (Текущо местоположение) Дата на вписване в системата Местоположение - отдел Цена в лева Инвентарен номер Систематично азбучна сигнатура Баркод Номер на екземпляра Цена в евро Служебна бележка Служебен тип на артикула
  Не е изгубен Не е повреден без рестрикции ползва се в читалня 190713 Регионална библиотека "Любен Каравелов" Русе Регионална библиотека "Любен Каравелов" Русе Хранилище 2011-06-24 Хранилище 12.00 120000751455 Цб 252185 120000751455 1 6.14 Дост: Dp Вид: Д N: 3 Дата: 17.01.2011 Книги
Vip Innovations Ltd, Rousse, Bulgaria 2025